| 000 | 00859nam a2200217Ii 4500 | ||
|---|---|---|---|
| 003 | JO-AjNU | ||
| 008 | 230605s9999||||xx |||||||||||||| ||und|| | ||
| 017 | _a2010/23277 | ||
| 040 |
_aJO-AjNU _bara _erda _cJO-AjNU |
||
| 041 | _aara | ||
| 050 | 1 | 4 | _aHD30.28.2011 |
| 100 | 3 |
_aالمنظمة العربية للتنمية الإدارية , _eauthor _934403 |
|
| 245 | 0 | 0 | _aالتخطيط الاستراتيجي للتفوق والتميز في المنظمات |
| 264 | 3 | 1 | _aالقاهرة:المنظمة العربية للتنمية الادارية،2011 |
| 300 |
_a259ص _bبحوث واوراق عمل |
||
| 336 |
_atext _btxt _2rdacontent |
||
| 337 |
_aunmediated _bn _2rdamedia |
||
| 338 |
_avolume _bnc _2rdacarrier |
||
| 490 | 0 | _aاعمال مؤتمرات | |
| 650 | 4 |
_aالادارة الاستراتيجية-التخطيط الاداري _934404 |
|
| 999 |
_aA14103 _c17671 _d17671 |
||